Catálogo
 En Linea

Instituto Politécnico Loyola sesenta y siete años después : (Registro nro. 49392)

Detalles MARC
000 -CABECERA
campo de control de longitud fija 01430nam a22002417a 4500
003 - IDENTIFICADOR DEL NÚMERO DE CONTROL
campo de control OSt
005 - FECHA Y HORA DE LA ÚLTIMA TRANSACCIÓN
campo de control 20240229074004.0
008 - DATOS DE LONGITUD FIJA--INFORMACIÓN GENERAL
campo de control de longitud fija 20207b ||||| |||| 00| 0 spa d
020 ## - NÚMERO INTERNACIONAL ESTÁNDAR DEL LIBRO
Número Internacional Estándar del Libro 9789945230000
040 ## - FUENTE DE LA CATALOGACIÓN
Centro catalogador/agencia de origen DO-SdBNP
Lengua de catalogación spa
Centro/agencia transcriptor BNPHU
082 #4 - NÚMERO DE LA CLASIFICACIÓN DECIMAL DEWEY
Número de clasificación 372.10424
Número de documento/Ítem S127i
100 1# - ENTRADA PRINCIPAL--NOMBRE DE PERSONA
Nombre de persona Sáez , José Luis
Fechas asociadas al nombre 1937-
9 (RLIN) 620
245 1# - MENCIÓN DE TÍTULO
Título Instituto Politécnico Loyola sesenta y siete años después :
Resto del título la vida y peripecias de una escuela modelo /
Mención de responsabilidad, etc. José Luis Sáez, S.J.
260 ## - PUBLICACIÓN, DISTRIBUCIÓN, ETC.
Lugar de publicación, distribución, etc. San Cristóbal, Repúblico Dominicana :
Nombre del editor, distribuidor, etc. Instituto Politecnico Loyola,
Fecha de publicación, distribución, etc. 2020
300 ## - DESCRIPCIÓN FÍSICA
Extensión 296 p. ;
Dimensiones 29 cm
505 ## - NOTA DE CONTENIDO CON FORMATO
Título Presentación por el ingeniero Hipólito Mejía - 6
-- Introducción bibliográfica - 9
-- Principales siglas empleadas -24
-- Introducción - 26
-- Génesis de un proyecto de educación nueva (1951 - 1953) - 29
-- Los esperados primeros frutos (1954-1958) - 45
-- Crisis y enfrentamiento (1959 - 1961) - 59
-- El largo camino de la estabilidad (1962 - 1974) - 69
-- Veinte años después (1974-1993) - 85
-- Vocación de crecimiento (2000-2018) -97
-- Apéndice documental - 109.
590 ## - NOTA LOCAL (RLIN)
Nota local Inventariado, 2021 / DG
610 24 - PUNTO DE ACCESO ADICIONAL DE MATERIA--NOMBRE DE ENTIDAD CORPORATIVA
Nombre de entidad corporativa o nombre de jurisdicción como elemento de entrada Instituto Politécnico Loyola
Subdivisión geográfica San Cristóbal (República Dominicana)
9 (RLIN) 77870
650 #4 - PUNTO DE ACCESO ADICIONAL DE MATERIA--TÉRMINO DE MATERIA
Término de materia o nombre geográfico como elemento de entrada Educación agrícola
Subdivisión geográfica República Dominicana
9 (RLIN) 19698
650 #4 - PUNTO DE ACCESO ADICIONAL DE MATERIA--TÉRMINO DE MATERIA
Término de materia o nombre geográfico como elemento de entrada Educación tecnológica
Subdivisión geográfica República Domincana
9 (RLIN) 77871
910 ## - DATOS DE OPCIÓN DEL USUARIO (OCLC)
Datos de opción del usuario Inventariado, 2021 / DG/Validado. Control de calidad MFF
942 ## - ELEMENTOS DE PUNTO DE ACCESO ADICIONAL (KOHA)
Fuente del sistema de clasificación o colocación Dewey Decimal Classification
Tipo de ítem Koha Libro
Existencias
Estado de retiro Estado de pérdida Fuente del sistema de clasificación o colocación Restricciones de uso No para préstamo Código de colección Localización permanente Ubicación/localización actual Ubicación en estantería Fecha de adquisición Fuente de adquisición Total de préstamos Signatura topográfica completa Código de barras Fecha visto por última vez Precio válido a partir de Tipo de ítem Koha Número de copia
    Dewey Decimal Classification Préstamo en sala   Monografías: Libros y Folletos Biblioteca Nacional Pedro Henríquez Ureña Biblioteca Nacional Pedro Henríquez Ureña Depósito 20.01.2021 Deposito Legal   BNPHU DS 372.10424 S127i 2021-0233 17.02.2021 17.02.2021 Libro e. 3
    Dewey Decimal Classification Excluido de préstamo Excluido de préstamo Monografías: Libros y Folletos Biblioteca Nacional Pedro Henríquez Ureña Patrimonio Dominicano Depósito 20.01.2021 Deposito Legal   BNPHU PD 372.10424 S127i 2021-0231 17.02.2021 17.02.2021 Libro  
    Dewey Decimal Classification Excluido de préstamo Préstamo restrigido Monografías: Libros y Folletos Biblioteca Nacional Pedro Henríquez Ureña Patrimonio Dominicano Depósito 20.01.2021 Deposito Legal   BNPHU PD 372.10424 S127i 2021-0232 17.02.2021 17.02.2021 Libro e. 2

Con tecnología Koha